| 000 | 00514nam a2200181 4500 | ||
|---|---|---|---|
| 001 | 110510 | ||
| 003 | ES-MaACL | ||
| 007 | t| | ||
| 008 | 061121s1974 sp r ||||1| spa d | ||
| 100 |
_aNabokov, Vladimir _9239142 |
||
| 245 | 1 | 3 |
_aEl ojo / _cVladimir Nobakov (seud.) ; [ traducción de Mireia Bofill]. |
| 250 | _a[1ª ed.]. | ||
| 260 |
_aMadrid : _bJucar, _c1974. |
||
| 300 |
_a135 p. ; _c18 cm. |
||
| 700 | 1 |
_aBofill, Mireia. _929779 |
|
| 852 |
_aES-MaACL _jE-6725 _bR.91241 |
||
| 999 |
_c110510 _d110510 |
||